01210nam a2200289 a 4500001001000000003000900010005001700019007000300036008004100039040002500080082001900105100003700124245009600161260005600257300002700313490001800340490006900358590002700427830002500454830007300479910000700552942001400559952010500573952011100678952011400789999001700903000034105DO-SdBNP20250924073803.0ta110923s1987 dr 000 0 spa d aDO-SdBNPbspacBNPHU 222axxxbB862m1 aBrito Ureña, Luis Manuel9109613aEl merengue y la realidad existencial del hombre dominicano : /cLuis Manuel Brito Ureña. aSanto Domingo :bEditora Universitaria-UASD,c1987. aviii, 275 p. ;c21 cm.1 aTesis ;vno.41 aPublicaciones de la Universidad Autónoma de Santo Domingov483 aInventariado, 2023 /DG 0aTesis ;nno.4959540 aPublicaciones de la Universidad Autónoma de Santo Domingov483952 aDG 2ddccLBS1 0010718PDaPDbPDcHDd2011-09-23iLF1l0o p34105-10r2020-06-25w2020-06-25yLFPDZNo se presta 0010718PDaPDbPDcHDd2015-04-15iLF1l0o p34105-20r2020-06-25te. 2w2020-06-25yLFPDZNo se presta 00102ddc56708DSaBNPHUbBNPHUcCTd2023-02-03l0oxxx B862mp2023-0609r2023-02-03te.3w2023-02-03yLBS1 c33596d33596